Statistics for Miss Americana & The Heartbreak Prince - Taylor Swift (All Lyrics)

Click here to take the quiz!

General Stats

  • This quiz has been taken 95 times
    (73 since last reset)
  • The average score is 408 of 513

Answer Stats

Lyrics% Correct
a
100%
I
100%
American
98%
in
98%
me
98%
me,
98%
You
98%
you,
98%
you
98%
(You
98%
Americana
96%
And
96%
and
96%
Miss
96%
No
96%
The
96%
the
96%
Heartbreak
93%
Prince
93%
Who
93%
whole
93%
(Win)
93%
win
93%
(Win),
93%
be
91%
it
91%
It's
91%
(Like
91%
like
91%
nothing
91%
this)
91%
this
91%
bad
89%
bad,
89%
girl"
89%
hallway,
89%
is
89%
play
89%
"She's
89%
stupid
89%
That
89%
They
89%
whisper
89%
world
89%
coming,
87%
fake
87%
games,
87%
know)
87%
know
87%
long
87%
My
87%
my
87%
rolling
87%
school
87%
that's
87%
then,
87%
there,
87%
there
87%
To
87%
to
87%
been
85%
dice
85%
time
85%
for
83%
there's
83%
but
80%
prizes
80%
run
80%
with
80%
away
78%
(Paint
78%
paint
78%
see
78%
we
78%
adore
76%
I'm
76%
most
76%
Oh,
76%
so
76%
town
76%
blue
74%
blue)
74%
likely
74%
lost
74%
Now
74%
now
74%
was
74%
where
74%
at
72%
before
72%
crazier
72%
film
72%
glory
72%
(Go),
72%
(Go)
72%
home
72%
(Okay)
72%
scene
72%
are
70%
faded
70%
sad,
70%
sixteen,
70%
we're
70%
We're
70%
'Cause
65%
'cause
65%
days,
65%
don't
65%
dress
65%
lights
65%
one
65%
pageant
65%
prom
65%
smile
65%
Than
65%
care
63%
counted
63%
feeling
63%
miles
63%
only
63%
ripped
63%
Voted
63%
want
63%
gonna
61%
homecoming
61%
queens,
61%
seems
61%
wanna
61%
(Fight)
59%
life
59%
losing,
59%
really
59%
team
59%
up
59%
will
59%
cameras
57%
Darling,
57%
marching
57%
storm
57%
Waving
57%
helpless,
54%
men?
54%
nobody's
54%
playing
54%
ran
54%
should
54%
(Ah)
52%
band
52%
Boys
52%
boys
52%
bruising
52%
catch
52%
depressed
52%
head
52%
hopeless,
52%
saw
52%
scared
52%
wise
52%
guys
50%
just
50%
battered
48%
high
48%
scoreboard
48%
someday
48%
stories
48%
come
46%
damsels
46%
never
46%
rose
46%
Running
46%
think
46%
thought
46%
through
46%
between
43%
cries
43%
fives
43%
I'll
43%
burning
41%
hung,
41%
let
41%
thorns,
41%
Leave
39%
muffled
39%

Score Distribution

Percentile by Number Answered

Percent of People with Each Score

Your Score History

You have not taken this quiz since the last reset